| 000 | 01799nam0a2200313 4500 | ||
|---|---|---|---|
| 001 | RU\NLR\BIBL_A\011196849 | ||
| 005 | 20250625214756.0 | ||
| 010 |
_a5-520-00479-X _93500 |
||
| 035 | _a(NLR Aleph) 011196849 | ||
| 090 |
_a11897702 _c11897702 |
||
| 100 | _a20160817d1991 |||y0rusy50 ca | ||
| 101 | 0 |
_arus _aeng |
|
| 102 | _aRU | ||
| 105 | _ab|||g|||001yy | ||
| 200 | 1 |
_aГорода и поселения Причерноморья античной эпохи _e(малый энциклопедический справочник) _fД.Д. Качарава, Г.Т. Квирквелия _gАкад. наук Грузии, Центр археол. исслед. |
|
| 210 |
_aТбилиси _cМецниереба _d1991 |
||
| 215 |
_a655 с. _cкарт. _d21 |
||
| 300 | _aЧасть текста парал. на рус. и англ. яз. | ||
| 320 | _aБиблиогр.: с. 330-605, в тексте и в подстроч. примеч. | ||
| 320 | _aУказ. геогр. назв. и археол. пам.: с. 624-645 | ||
| 606 | 1 |
_aПоселения _jСправочники _xАрхеологические исследования _yПричерноморье Северное _zАнтичный период _92301714 _3RU\NLR\AUTH\6601604459 |
|
| 606 | 1 |
_aГорода _jСправочники _xАрхеологические исследования _yПричерноморье Северное _zАнтичный период _92468480 _3RU\NLR\AUTH\6601683377 |
|
| 686 | 1 | _aТ4(2)33-423.2я2 | |
| 700 | 1 |
_aКачарава _bД.Д. _gДареджан Давидовна |
|
| 701 | 1 |
_aКвирквелия _bГ.Т. _gГурам Тенгизович |
|
| 942 | _cBOOK | ||
| 980 | _aNB | ||